<?xml version="1.0" encoding="UTF-8"?>
<marc:record xmlns:marc="http://www.loc.gov/MARC21/slim">
   <marc:leader>00000nam a2200000 a 4500</marc:leader>
   <marc:datafield ind1="1" ind2=" " tag="100">
      <marc:subfield code="a">Simsa, Marko</marc:subfield>
   </marc:datafield>
   <marc:datafield ind1=" " ind2=" " tag="653">
      <marc:subfield code="a">Weihnachten</marc:subfield>
   </marc:datafield>
   <marc:datafield ind1=" " ind2=" " tag="653">
      <marc:subfield code="a">Lieder</marc:subfield>
   </marc:datafield>
   <marc:datafield ind1="0" ind2="0" tag="245">
      <marc:subfield code="a">Weihnachts-Hits für Kinder</marc:subfield>
   </marc:datafield>
   <marc:datafield ind1="0" ind2="0" tag="245">
      <marc:subfield code="b">ein Konzert mit Klassik, Blues und A-Cappella-Gesang, mit Geschichten und vielen Weihnachtsliedern für die  aufregende Zeit vor dem großen Fest</marc:subfield>
   </marc:datafield>
   <marc:datafield ind1="0" ind2="0" tag="245">
      <marc:subfield code="c">Marko Simsa präsentiert</marc:subfield>
   </marc:datafield>
   <marc:datafield ind1=" " ind2="1" tag="264">
      <marc:subfield code="a">Hamburg</marc:subfield>
      <marc:subfield code="b">Jumbo Neue Medien</marc:subfield>
      <marc:subfield code="c">2004</marc:subfield>
   </marc:datafield>
   <marc:datafield ind1="1" ind2=" " tag="520">
      <marc:subfield code="a">Marko Simsa hat für Kinder die zu Weihnachten beliebtesten Stücke unterschiedlichster Musikstile zusammengefasst. Wir erleben ein erfrischend neuartiges Konzert mit Weihnachtsliedern, klassischer Musik, Blues und weihnachtlichen Geschichten. Es spielen und singen unter anderem die "Boogie Woogie Gang", das "Papageno Streichquartett", das Blechbläserquintett "mund.ART" und das A-Cappella-Ensemble "Safer Six". Natürlich sind alle nicht nur zum Zuhören, sondern auch zum Mitsingen und Mittanzen eingeladen. So lässt sich das lange Warten auf den großen Tag spielend leicht überstehen ... Inhalt: Lieber guter Weihnachtsmann - Jingle Bells - Maryland - Weihnachtskekse-Blues - Rondeau - Allemande-Gayment - Kling, Glöckchen, klingelingeling - Rudolf, das Rentier - Still, still, still - Little Drummer Boy - Weihnachts-Rock'n'Roll - Christmas Eve - Morgen kommt der Weihnachtsmann - Antonio Vivaldi: 2. Satz Winter - Leise rieselt der Schnee - Stille Nacht</marc:subfield>
   </marc:datafield>
   <marc:datafield ind1=" " ind2=" " tag="020">
      <marc:subfield code="a">9783833711251</marc:subfield>
      <marc:subfield code="9">9783833711251</marc:subfield>
   </marc:datafield>
   <marc:datafield ind1="0" ind2=" " tag="490">
      <marc:subfield code="v">0</marc:subfield>
   </marc:datafield>
   <marc:datafield ind1=" " ind2=" " tag="300">
      <marc:subfield code="a">1 CD (ca. 58 Min.)</marc:subfield>
   </marc:datafield>
</marc:record>
